000 00899nam a2200253Ia 4500
005 20240530110934.0
008 140319s xx 000 0 ara d
040 _aGCL /
_cGCL
082 0 4 _a361.55 /
_bك ج
100 1 _aدى كاسترو ، جوزويه
245 1 0 _aجغرافية الجوع /
_cتاليف دى كاسترو ، جوزويه ؛ مترجم زكى الرشيدى ، مراجع محمود مرسى
250 _aالاولى
260 _aالقاهرة :
_bمؤسسة دار الهلال،
_cد . ت
300 _a254 ص؛
_b24 سم
490 _aالالف كتاب
_v( 366 )
650 0 4 _aالجوع
650 0 4 _aاسيا
_2qrmak
650 0 4 _aاوروبا
_2qrmak
650 0 4 _aافريقيا
700 _aزكى الرشيدى
_eمترجم
700 _aمحمود مرسى
_eمراجع
942 _2ddc
_cBK
999 _c66706
_d66706